000 00592nam a2200217Ia 4500
005 20250923150000.0
008 008 250917s9999 xx 000 0 eng d
037 _aTextual
040 _aDSWL
_beng
_cDSWL
041 _aeng
_2eng
084 _aY:4375x2, N88;2
_qDSWL
245 0 _aCollective Violence : Genesis and Response
_cEd. by K.S. Shukla
250 _a2nd
260 _aNew Delhi
_bI.I.P.A.
_c1988
300 _axiv,354 p.
365 _aINR
_b150.00
490 _vPart II
925 _g150.00
942 _cTEXL
_hY:4375x2, N88;2
999 _c1458108
_d1458108